Rozpoznávanie gest pre ovládanie vozidla

Na minha lista:
Detalhes bibliográficos
Autor principal: Ilovský, Miloš (Author)
Outros Autores: Haffner, Oto (Thesis advisor)
Formato: Manuscrito Livro
Idioma:eslovaco
Publicado em: Bratislava : STU v Bratislave FEI, 2023
Assuntos:
Acesso em linha:https://opac.crzp.sk/?fn=detailBiblioFormChildQJBNQ&sid=08878EB2E7E37CD09E9A76C0752B&seo=CRZP-detail-kniha
Tags: Adicionar Tag
Sem tags, seja o primeiro a adicionar uma tag!

MARC

LEADER 00000ntm a22000003a 4500
001 stuzp91900
003 SK-STU
005 20241111124419.8
007 ta
008 150427s2015----xo-----f-mn---000-0-slo-d
040 |a STU  |b slo 
041 0 |a slo 
044 |a xo 
100 1 |a Ilovský, Miloš  |u 030400  |4 aut  |U FEI Fakulta elektrotechniky a informatiky  |T FEI Ústav automobilovej mechatroniky  |X 111977  |U E400  |Y 642  |7 111977 
242 0 1 |a Gesture recognition for vehicle control  |y eng 
245 1 0 |a Rozpoznávanie gest pre ovládanie vozidla 
260 |a Bratislava :  |b STU v Bratislave FEI,  |c 2023 
300 |a 65 s., príl. 
650 4 |a rozhranie človek-stroj  |2 slo 
650 4 |a rozpoznávanie gest  |2 slo 
650 4 |a neurónové siete  |2 slo 
650 4 |a ovládanie gestami  |2 slo 
650 4 |a gesture control  |2 eng 
650 4 |a neural networks  |2 eng 
650 4 |a human-robot interaction  |2 eng 
650 4 |a gesture recognition  |2 eng 
700 1 |a Haffner, Oto  |u 030400  |k Z1  |4 ths  |U FEI Fakulta elektrotechniky a informatiky  |T FEI Ústav automobilovej mechatroniky  |X 56107  |U E400  |Y 642  |7 A000056107 
856 4 |u https://opac.crzp.sk/?fn=detailBiblioFormChildQJBNQ&sid=08878EB2E7E37CD09E9A76C0752B&seo=CRZP-detail-kniha